Marino Faliero (Record no. 173795)
[ view plain ]
| 000 -LEADER | |
|---|---|
| campo de control de longitud fija | 00738nam a22001695i 4500 |
| 001 - NÚMERO DE CONTROL | |
| campo de control | 173795 |
| 003 - IDENTIFICADOR DE NÚMERO DE CONTROL | |
| campo de control | ES-MaACL |
| 005 - FECHA Y HORA DE LA ÚLTIMA TRANSACCIÓN | |
| campo de control | 20231227145650.0 |
| 008 - DATOS DE LONGITUD FIJA--INFORMACIÓN GENERAL | |
| campo de control de longitud fija | 100120s1835 sp |||| | spa d |
| 100 1# - ENTRADA PRINCIPAL--NOMBRE DE PERSONA | |
| Nombre de persona | Delavigne, Casimir. |
| 9 (RLIN) | 43338 |
| 245 10 - MENCIÓN DEL TÍTULO | |
| Título | Marino Faliero |
| Resto del título | : drama histórico en cinco actos / |
| Mención de responsabilidad, etc. | por Casimir Delavigne ; traducido por Ventura de la Vega. |
| 260 ## - PUBLICACIÓN, DISTRIBUCIÓN, ETC. | |
| Lugar de publicación, distribución, etc. | Madrid : |
| Nombre del editor, distribuidor, etc. | [s.n.], |
| Fecha de publicación, distribución, etc. | 1835 ( |
| Fabricante | Imp. de Repullés) |
| 300 ## - DESCRIPCIÓN FÍSICA | |
| Extensión | 108 p. ; |
| Dimensiones | 17 cm. |
| 700 1# - ENTRADA AGREGADA--NOMBRE PERSONAL | |
| Nombre de persona | Vega, Ventura de la, |
| Fechas asociadas al nombre | 1807-1865 |
| 9 (RLIN) | 113584 |
| 852 ## - LOCALIZACIÓN | |
| Ubicación | ES-MaACL |
| Número de control de estantería | F-8607(2) |
| Partes que faltan | .- Enc. pasta española |
| condición física | .- Falto de la cub. original |
| Nota libre | .- Enc. en un vol. facticio formando parte de la col. facticia "Teatro español moderno", vol. 62 |
| Estatus retirado | Estado de pérdida | Estado de daño | No para préstamo | Colección | Biblioteca de origen | Biblioteca actual | Ubicación en estantería | Fecha de adquisición | Fuente de adquisición | Total de préstamos | Signatura topográfica completa | Código de barras | Visto por última vez | Precio de reemplazo | Tipo de ítem Koha |
|---|---|---|---|---|---|---|---|---|---|---|---|---|---|---|---|
| Libros del s. XIX | Biblioteca del Ateneo de Madrid | Biblioteca del Ateneo de Madrid | Sala Pecera Planta 2 | 20/01/2010 | F-8607(2) | 1182425 | 23/02/2023 | 23/02/2023 | Libro impreso antiguo |
